59 Unhealthy American Foods - Statistics

General Stats
  • This quiz has been taken 1,130 times
  • The average score is 9 of 59
Answer Stats
Hint Answer % Correct
10 Hamburger
92%
5 French fries
77%
7 Pizza
73%
22 Hot dogs
62%
8 Potato Chips
61%
6 Ice Cream
59%
9 Cookies
42%
4 Doughnuts
41%
21 Deep Fried Chicken
40%
39 Tacos
28%
40 Pasta
26%
1 Twinkies
24%
37 Pancakes
23%
38 Corn Dogs
20%
13 Popcorn
20%
32 Waffles
19%
55 Nachos
17%
43 Macaroni and Cheese
16%
33 Apple Pie
15%
11 Oreos
14%
18 Snickers
13%
51 Cheesecake
12%
57 Cotton Candy
12%
30 Pop Tarts
12%
50 Pretzels
12%
23 BBQ Ribs
9%
14 Doritos
9%
12 M&Ms
9%
34 S'mores
8%
42 Cheese Steak
5%
56 Jello
5%
26 Candy Corn
4%
44 Fudge
4%
49 Buffalo Wings
3%
25 Key Lime Pie
3%
27 Tater Tots
3%
17 Twizzlers
3%
28 Butterfinger
2%
47 Grits
2%
35 Peanut Butter And Jelly
2%
19 Pork rinds
2%
16 Reeses Peanut Butter Cups
2%
59 Baby Ruth
1%
46 Banana Split
1%
31 Beef Jerky
1%
2 Cheese Puffs
1%
24 Chocolate Pudding
1%
29 Cobbler
1%
41 Hersheys Kisses
1%
48 Jolly Rancher
1%
3 Moon Pie
1%
15 Tootsie Rolls
1%
54 Baked Alaska
0%
20 Chipwich
0%
53 Cookie Dough
0%
45 Frito Pie
0%
58 Hot Fudge Sundae
0%
52 Milk Duds
0%
36 Saltwater Taffy
0%
No matching quizzes found
Score Distribution
Percent of People with Each Score
Percentile by Number Answered
Your Score History
You have not taken this quiz